| 000 | 02621nam0a2200433 4500 | ||
|---|---|---|---|
| 001 | RU\NLR\bibl\1239957 | ||
| 005 | 20260407072321.0 | ||
| 010 |
_a978-5-09-019325-2 _920000 |
||
| 021 |
_aRU _b2008-29985 _91658 |
||
| 035 | _a(NLR Aleph) 001226155 | ||
| 090 |
_a169273 _c169273 |
||
| 100 | _a20080610d2008 |||y0rusy50 ca | ||
| 101 | 0 |
_arus _aeng |
|
| 102 | _aRU | ||
| 105 | _aa ||||||||| | ||
| 200 | 1 |
_aАнглийский язык _dEnglish _eучебник для 4 класса общеобразовательных учреждений _f[В.П. Кузовлев, Э.Ш. Перегудова, О.В. Дуванова, О.В. Стрельникова _gнауч. рук.: проф. Е.И. Пассов] _gРос. акад. наук [и др.] _zeng |
|
| 205 | _a2-е изд., дораб. | ||
| 210 |
_aМосква _cПросвещение _d2008 |
||
| 215 |
_a159, [1] с. _cцв. ил. _d26 |
||
| 225 | 1 |
_aАкадемический школьный учебник _fнауч. ред.: акад.-секретарь РАО, д.п.н. А.А. Кузнецов [и др.] |
|
| 225 | 1 | _aПроект "Российская академия наук, Российская академия образования, издательство "Просвещение" - российской школе" | |
| 300 | _aОбл. на англ. яз. | ||
| 300 | _aАвт. указаны на обороте тит. л. | ||
| 300 | _aВ надзаг. также: Рос. акад. образования, Изд-во "Просвещение" | ||
| 512 | 1 |
_aEnglish _e4 |
|
| 606 | 1 |
_aАнглийский язык _jУчебники для начальной школы _9972309 _3RU\NLR\auth\6646032 |
|
| 686 | _aШ143.21-93рус21[4] | ||
| 701 | 1 |
_4070 _8rus _7ca _aКузовлев _bВ. П. _cканд. пед. наук _gВладимир Петрович _3RU\NLR\auth\775649 _9115611 |
|
| 701 | 1 |
_aПерегудова _bЭ. Ш. _gЭльвира Шакировна _4070 |
|
| 701 | 1 |
_aДуванова _bО. В. _gОльга Викторовна _4070 |
|
| 701 | 1 |
_aСтрельникова _bО. В. _gОльга Викторовна _4070 |
|
| 702 | 1 |
_4070 _aПассов _bЕ. И. _f1930- _gЕфим Израилевич _9139049 _3RU\NLR\AUTH\770139084 |
|
| 712 | 0 | 2 |
_4570 _aРоссийская академия наук _3RU\NLR\AUTH\881057 _9272489 |
| 801 | 0 |
_aRU _bNLR _c20080610 _gRCR |
|
| 801 | 1 |
_aRU _bNLR _c20080610 |
|
| 830 | _aавт. по кн. | ||
| 942 | _cBOOK | ||
| 980 | _aNB | ||